Normal view
MARC view
- Horno Goicoechea, Pepa
Entry Nombre Personal
001 - NUMERO DE CONTROL
- campo de control: 34173
003 - IDENTIFICADOR DE NUMERO DE CONTROL
- campo de control: UPN
005 - FECHA Y HORA DE LA ÜLTIMA TRANSACCIÓN
- campo de control: 20210219194450.0
008 - DATOS DE LONGITUD FIJA
- campo de control de longitud fija: nabaccnnaabn|||||||||| b |nc|||||d
035 ## - NUMERO DE CONTROL
- Número de control: UPN11000006280
040 ## - FUENTE DE CATALOGACIÓN
- Lenguaje de catalogación: SPA
- Agencia de transcripción: UPN
100 1# - ENCABEZAMIENTO - NOMBRE PERSONAL
- Nombre personal: Horno Goicoechea, Pepa
670 ## - FUENTE EN LA QUE SE LOCALIZARON DATOS
- Cita de la fuente: T
- Uniform Resource Identifier: http://www.edesclee.com/products.php/autor/ISBN9788433024664
680 ## - NOTA PUBLICA DE ACCESO PÚBLICO
- Frase explicativa de la referencia: Licenciada en psicología y coordinadora del departamento de promoción y protección de los derechos de la infancia de Save the Children
902 ## - CATALOGADOR
- Catalogador: MMA/270913
